000 00579nam a22002177a 4500
003 UA-OsUOA
001 48192
007 ta
008 20070830b un ||||| |||| 00| 0 ukr d
090 _a038
_bП34
942 _cBK
040 _aUA-OsUOA
_brus
_cUA-OsUOA
_dUA-OsUOA
245 _aПисатели советской Эстонии
_bбиобиблиографический словарь
300 _a250 с.
955 _a2
041 _arus
080 _a038
260 _aТаллин
_c1984
650 7 _a0 Загальний відділ.
_2UDC
999 _c334313
_d334313